[Event "Badischer Schachverband-Schachverband W"]
[Site "?"]
[Date "2012.05.05"]
[Round "3.4"]
[White "Pfrommer, Christoph"]
[Black "Knoedler, Dieter"]
[Result "1/2-1/2"]
[WhiteElo "2367"]
[BlackElo "2343"]
[PlyCount "100"]
[EventDate "2012.??.??"]

1. Nf3 Nf6 2. g3 b6 3. Bg2 Bb7 4. O-O e6 5. c4 c5 6. Nc3 Be7 7. d4 cxd4 8. Qxd4
d6 9. Bg5 a6 10. Bxf6 Bxf6 11. Qf4 O-O 12. Rfd1 Be7 13. Ne4 Bxe4 14. Qxe4 Ra7
15. Rd2 Rc7 16. Rad1 Qc8 17. b3 Nd7 18. Qb1 Rc5 19. a4 Qc7 20. Nd4 Rc8 21. e3
g6 22. Qa2 Nf6 23. Bf1 Ne4 24. Rc2 e5 25. Bd3 Ng5 26. h4 exd4 27. hxg5 dxe3 28.
f4 d5 29. Re2 d4 30. Be4 Rd8 31. Qb2 b5 32. axb5 axb5 33. Bd5 bxc4 34. bxc4
Rxc4 35. Rxd4 Rxd4 36. Qxd4 Qc5 37. Qxc5 Bxc5 38. Bc4 Rd4 39. Bb5 Rb4 40. Ba6
Rb6 41. Bc4 Rb4 42. Ba6 Kg7 43. Kg2 h6 44. gxh6+ Kxh6 45. Kf3 f5 46. Rh2+ Kg7
47. Rc2 Bb6 48. Rc8 Rb2 49. Be2 Rd2 50. Rc6 Bd4 1/2-1/2

[Event "Badischer Schachverband-Schachverband W"]
[Site "?"]
[Date "2012.05.05"]
[Round "3.5"]
[White "Jurek, Josef"]
[Black "Werner, Clemens"]
[Result "1/2-1/2"]
[WhiteElo "2344"]
[BlackElo "2322"]
[PlyCount "222"]
[EventDate "2012.??.??"]

1. Nf3 c5 2. c4 g6 3. Nc3 Bg7 4. g3 Nc6 5. Bg2 b6 6. O-O Bb7 7. a3 Nf6 8. Ne1
O-O {(=)} 9. b4 d6 10. Rb1 Qd7 11. Qa4 Rfd8 12. bxc5 dxc5 13. d3 Ng4 14. Bd2
Bxc3 15. Bxc3 Nd4 16. Qd1 Bxg2 17. Nxg2 Qf5 18. Ne3 Qh5 19. Nxg4 Qxg4 20. Rb2
Qh3 21. Qd2 Rd6 22. Qg5 Re8 23. Bxd4 Rxd4 24. Qe5 Rd6 25. a4 f6 {(=)} 26. Qe3
e5 27. a5 Qd7 28. Rfb1 Qc7 29. axb6 Rxb6 30. Rxb6 axb6 31. Qf3 Kg7 32. Ra1 Rd8
33. Kg2 h5 34. h4 Kf7 35. Kh2 Kg7 36. Rg1 Kf7 37. Qe4 Kg7 38. Ra1 Kf7 39. Ra6
Kg7 40. Qh1 Kf7 41. Qa1 Rb8 42. Qa4 Ke7 43. f3 Rb7 44. Kg2 Rb8 45. Ra7 Rb7 46.
Ra8 Rb8 47. Qa7 Qxa7 48. Rxa7+ Ke6 49. Rg7 Kf5 50. e4+ Ke6 51. Kf2 b5 52. cxb5
Rxb5 53. Rxg6 Rb3 54. Ke2 Rb2+ 55. Ke3 Kf7 56. Rh6 Rg2 57. Rxh5 Rxg3 58. Rh7+
Ke6 59. Kf2 Rg8 60. h5 Rg5 61. h6 Rh5 62. Ke2 Rh2+ 63. Ke3 Rh3 64. Kf2 Rh1 65.
Kg3 Rg1+ 66. Kh4 Rh1+ 67. Kg3 Rg1+ 68. Kf2 Rh1 69. Ke3 Rh2 70. Rh8 Kf7 71. h7
Kg7 72. Rc8 Kxh7 73. Rxc5 Rh3 74. Rc2 Kg6 75. Rg2+ Kf7 76. Ke2 Ke6 77. Rg4 Rh6
78. f4 Rh3 79. Kd2 Rh1 80. Kc2 Rf1 81. f5+ Kf7 82. Rh4 Kg7 83. Rh2 Ra1 84. Kc3
Ra4 85. Rb2 Kf7 86. Rb7+ Ke8 87. Rb4 Ra5 88. Kc4 Kd7 89. Rb7+ Ke8 90. Kb4 Ra6
91. Kc5 Ra3 92. Kc4 Kf8 93. Rc7 Ra5 94. Rc5 Ra6 95. Kd5 Kg7 96. Rc7+ Kh6 97.
Rc6 Ra5+ 98. Ke6 Kg5 99. Rd6 Ra3 100. Rd7 Ra6+ 101. Kf7 Kf4 102. Kg6 Ke3 103.
Rf7 Rd6 104. Rxf6 Rxd3 105. Ra6 Kxe4 106. f6 Rg3+ 107. Kf7 Kd5 108. Ke7 e4 109.
f7 Rg7 110. Kf6 Rxf7+ 111. Kxf7 e3 1/2-1/2

[Event "Badischer Schachverband-Schachverband W"]
[Site "?"]
[Date "2012.05.05"]
[Round "3.6"]
[White "Rosner, Jonas"]
[Black "Heidenfeld, Mark"]
[Result "1/2-1/2"]
[WhiteElo "2285"]
[BlackElo "2368"]
[PlyCount "26"]
[EventDate "2012.??.??"]

1. e4 e6 2. d4 d5 3. Nc3 Nf6 4. e5 Ne4 5. Nxe4 dxe4 6. Be3 c5 7. Ne2 cxd4 8.
Qxd4 Qxd4 9. Bxd4 Nc6 10. Bc3 Bb4 11. O-O-O Bxc3 12. Nxc3 Nxe5 13. Nxe4 Ke7
1/2-1/2

[Event "Badischer Schachverband-Schachverband W"]
[Site "?"]
[Date "2012.05.05"]
[Round "3.8"]
[White "Lutz, Bernhard"]
[Black "Werner, Marc"]
[Result "1/2-1/2"]
[WhiteElo "2325"]
[BlackElo "2340"]
[PlyCount "34"]
[EventDate "2012.??.??"]

1. d4 d5 2. c4 e6 3. Nc3 Nf6 4. Bg5 Be7 5. e3 h6 6. Bh4 O-O 7. Nf3 b6 8. Bd3
Bb7 9. cxd5 exd5 10. O-O Nbd7 11. Rc1 c5 12. Bf5 Re8 13. Qc2 c4 14. Bg3 a6 15.
a4 Nh5 16. Be5 Nf8 17. Rfe1 Bb4 1/2-1/2

[Event "Badischer Schachverband-Schachverband W"]
[Site "?"]
[Date "2012.05.05"]
[Round "3.9"]
[White "Neyman, Igor"]
[Black "Tiemann, Christoph"]
[Result "1-0"]
[WhiteElo "2306"]
[BlackElo "2274"]
[PlyCount "115"]
[EventDate "2012.??.??"]

1. d4 Nf6 2. c4 g6 3. Nc3 d5 4. Nf3 Bg7 5. Qa4+ Nc6 6. Bg5 e6 7. e3 O-O 8. Be2
h6 9. Bh4 Ne7 10. O-O Nf5 11. Bg3 Nxg3 12. hxg3 b6 13. cxd5 exd5 14. Bb5 Bb7
15. Bc6 Bxc6 16. Qxc6 Qd6 17. Qxd6 cxd6 18. Rfc1 Rfc8 19. Ne1 a5 20. Nd3 g5 21.
Nb5 Ne8 22. b3 f5 23. Nb2 Kf7 24. Na4 Rab8 25. Na7 Rxc1+ 26. Rxc1 Bf6 27. Rc8
Rxc8 28. Nxc8 b5 29. Nc3 b4 30. Nxd5 Ke6 31. Nxf6 Nxf6 32. Nb6 Ne4 33. Nc4 d5
34. Nxa5 Nc3 35. Kf1 Nxa2 36. Ke1 f4 37. g4 fxe3 38. fxe3 Kd6 39. Nb7+ Kc6 40.
Nc5 Nc3 41. Nd3 Kd6 42. Nxb4 Ne4 43. Nd3 Nf6 44. Ne5 Kc7 45. Ke2 Kb6 46. Kf3
Ka5 47. Nf7 Kb4 48. Nxh6 Kxb3 49. Nf7 Ne4 50. Nxg5 Nxg5+ 51. Kf4 Nf7 52. g5 Kc4
53. g6 Nh6 54. g4 Kd3 55. g5 Ng8 56. g7 Ke2 57. e4 Kd3 58. exd5 1-0

[Event "Badischer Schachverband-Schachverband W"]
[Site "?"]
[Date "2012.05.05"]
[Round "3.10"]
[White "Fiderer, Lukas"]
[Black "Kvetny, Mark"]
[Result "1-0"]
[WhiteElo "2223"]
[BlackElo "2155"]
[PlyCount "127"]
[EventDate "2012.??.??"]

1. e4 c5 2. Nf3 d6 3. d4 cxd4 4. Nxd4 Nf6 5. Nc3 a6 6. Be2 e5 7. Nb3 Be7 8. O-O
O-O 9. Re1 Be6 10. Bf3 a5 11. a4 Na6 12. Nd2 Rc8 13. Nf1 Nb4 14. Ne3 Qb6 15.
Re2 Nc6 16. Nb5 Nd4 17. Nxd4 exd4 18. Nf5 Bxf5 19. exf5 Rfe8 20. Bg5 h6 21. Bh4
Qxb2 22. Rb1 Qc3 23. Rxb7 d3 24. cxd3 Qxd3 25. Qxd3 Rc1+ 26. Re1 Rxe1+ 27. Qf1
Rxf1+ 28. Kxf1 d5 29. Bxf6 Bxf6 30. Bxd5 Re7 31. Rb8+ Kh7 32. g4 h5 33. h3 hxg4
34. hxg4 Bg5 35. Rf8 g6 36. fxg6+ fxg6 37. f4 Bh6 38. Rf6 Rd7 39. Be4 Rd4 40.
Bxg6+ Kg7 41. g5 Rxa4 42. Bh5 Bxg5 43. fxg5 Rb4 44. Rf7+ Kg8 45. Rf5 a4 46.
Bf7+ Kg7 47. g6 Rb1+ 48. Ke2 a3 49. Ra5 Rb2+ 50. Kd3 Rg2 51. Kc3 a2 52. Kb3
Rg3+ 53. Kxa2 Rg2+ 54. Kb3 Rg3+ 55. Kc4 Rg4+ 56. Kd3 Rg3+ 57. Ke4 Rg4+ 58. Kf5
Rg1 59. Ra4 Rf1+ 60. Rf4 Ra1 61. Kg5 Rg1+ 62. Rg4 Re1 63. Bc4 Rd1 64. Be6 1-0

[Event "Badischer Schachverband-Schachverband W"]
[Site "?"]
[Date "2012.05.05"]
[Round "3.11"]
[White "Schnepp, Gunnar"]
[Black "Petermann, Michail"]
[Result "1/2-1/2"]
[WhiteElo "2308"]
[BlackElo "2203"]
[PlyCount "84"]
[EventDate "2012.??.??"]

1. d4 Nf6 2. c4 e5 3. dxe5 Ng4 4. Bf4 g5 5. Bg3 Bg7 6. Nf3 Nc6 7. Nc3 Ngxe5 8.
Nxe5 Nxe5 9. e3 d6 10. Be2 Be6 11. O-O Qd7 12. c5 dxc5 13. Qxd7+ Bxd7 14. Ne4
g4 15. Nxc5 h5 16. Nxd7 Kxd7 17. Rfd1+ Ke6 18. Rac1 c6 19. f4 gxf3 20. gxf3
Rad8 21. f4 Ng4 22. Bc4+ Ke7 23. h3 Rxd1+ 24. Rxd1 h4 25. hxg4 hxg3 26. Rd2 Rh2
27. Rxh2 gxh2+ 28. Kxh2 Bxb2 29. Kg3 b5 30. Bd3 Kd6 31. g5 a6 32. Kf3 c5 33.
Ke4 c4 34. Be2 a5 35. a4 c3 36. Bd1 bxa4 37. Bxa4 Bc1 38. Bb3 Ke7 39. Kd4 Bd2
40. Kd3 Bc1 41. Kd4 Bd2 42. Kd3 Bc1 1/2-1/2

[Event "Badischer Schachverband-Schachverband W"]
[Site "?"]
[Date "2012.05.05"]
[Round "3.12"]
[White "Maehrlein, Christoph"]
[Black "Lorscheid, Gerhard"]
[Result "1/2-1/2"]
[WhiteElo "2134"]
[BlackElo "2265"]
[PlyCount "20"]
[EventDate "2012.??.??"]

1. d4 d5 2. c4 c6 3. Nf3 Nf6 4. Nc3 a6 5. cxd5 cxd5 6. Bf4 Nc6 7. e3 Bg4 8. Be2
e6 9. h3 Bxf3 10. Bxf3 Bd6 1/2-1/2

[Event "Bayerischer Schachbund-Schweizer Schach"]
[Site "?"]
[Date "2012.05.05"]
[Round "3.1"]
[White "Zueger, Beat"]
[Black "Bayer, Bernhard"]
[Result "1/2-1/2"]
[WhiteElo "2413"]
[BlackElo "2438"]
[PlyCount "67"]
[EventDate "2012.??.??"]

1. d4 Nf6 2. c4 d6 3. Nf3 Nbd7 4. Nc3 e5 5. Bg5 Be7 6. e3 O-O 7. Be2 c6 8. O-O
Qc7 9. b4 Re8 10. Rc1 Nf8 11. Qb3 h6 12. Bh4 Ng6 13. Bg3 Nh5 14. Rfd1 Nxg3 15.
hxg3 Bf8 16. dxe5 dxe5 17. c5 Be6 18. Bc4 Bxc4 19. Qxc4 Red8 20. Kf1 a5 21. a3
axb4 22. axb4 b6 23. Ne4 Rxd1+ 24. Rxd1 Rd8 25. Rxd8 Qxd8 26. Ke2 bxc5 27. bxc5
Qd5 28. Qxd5 cxd5 29. Nc3 Bxc5 30. Nxd5 f6 31. g4 Kf7 32. Kd3 Bd6 33. Nd2 Ke6
34. e4 1/2-1/2

[Event "Bayerischer Schachbund-Schweizer Schach"]
[Site "?"]
[Date "2012.05.05"]
[Round "3.2"]
[White "Fedorovsky, Michael"]
[Black "Moor, Roger"]
[Result "1/2-1/2"]
[WhiteElo "2395"]
[BlackElo "2369"]
[PlyCount "41"]
[EventDate "2012.??.??"]

1. d4 Nf6 2. c4 g6 3. Nc3 d5 4. Bf4 Bg7 5. e3 O-O 6. cxd5 Nxd5 7. Nxd5 Qxd5 8.
Bxc7 Na6 9. Bxa6 Qxg2 10. Qf3 Qxf3 11. Nxf3 bxa6 12. Rc1 f6 13. Rg1 Rf7 14. Ke2
Bd7 15. d5 e5 16. dxe6 Bxe6 17. b3 Bf8 18. Ba5 Ba3 19. Rc3 Rc8 20. Rxc8+ Bxc8
21. Nd2 1/2-1/2

[Event "Bayerischer Schachbund-Schweizer Schach"]
[Site "?"]
[Date "2012.05.05"]
[Round "3.3"]
[White "Ballmann, Martin"]
[Black "Koepke, Christian"]
[Result "1/2-1/2"]
[WhiteElo "2384"]
[BlackElo "2398"]
[PlyCount "23"]
[EventDate "2012.??.??"]

1. d4 Nf6 2. Nf3 g6 3. Bg5 Bg7 4. e3 O-O 5. Bd3 c5 6. c3 d6 7. O-O Nc6 8. Nbd2
b6 9. h3 h6 10. Bf4 Bb7 11. Bh2 Re8 12. Qe2 1/2-1/2

[Event "Bayerischer Schachbund-Schweizer Schach"]
[Site "?"]
[Date "2012.05.05"]
[Round "3.4"]
[White "Graf, Felix"]
[Black "Carron, Julien"]
[Result "1-0"]
[WhiteElo "2378"]
[BlackElo "2372"]
[PlyCount "91"]
[EventDate "2012.??.??"]

1. d4 Nf6 2. c4 e6 3. Nf3 b6 4. a3 Ba6 5. Qb3 Bb7 6. Nc3 Be7 7. Bg5 Ne4 8. Nxe4
Bxe4 9. Bf4 Bf6 10. e3 d6 11. Bd3 Bxd3 12. Qxd3 Nd7 13. O-O-O Qc8 14. g4 Qb7
15. e4 O-O-O 16. Be3 Kb8 17. Kb1 Ka8 18. g5 Be7 19. d5 e5 20. b4 c6 21. Rde1
Rc8 22. Nd2 h6 23. gxh6 g6 24. h4 Nf6 25. b5 c5 26. Kc2 Kb8 27. a4 Qd7 28. a5
Kc7 29. Ra1 Rb8 30. axb6+ axb6 31. Ra7+ Rb7 32. Rha1 Rhb8 33. R1a6 Qg4 34. Bg5
Kd8 35. Rxb7 Rxb7 36. Ra8+ Kd7 37. Qf3 Qxf3 38. Nxf3 Rc7 39. Bxf6 Bxf6 40. h7
Rc8 41. Rxc8 Kxc8 42. Ng5 Kd7 43. Nxf7 Ke7 44. h8=Q Bxh8 45. Nxh8 Kf6 46. Kd3
1-0

[Event "Bayerischer Schachbund-Schweizer Schach"]
[Site "?"]
[Date "2012.05.05"]
[Round "3.5"]
[White "Moor, Olivier"]
[Black "Lammers, Markus"]
[Result "1-0"]
[WhiteElo "2371"]
[BlackElo "2384"]
[PlyCount "85"]
[EventDate "2012.??.??"]

1. d4 d5 2. c4 dxc4 3. e4 Nc6 4. Nf3 Bg4 5. d5 Ne5 6. Bf4 Ng6 7. Be3 Nf6 8. Nc3
e5 9. Bxc4 Bd6 10. Be2 O-O 11. O-O Nh5 12. g3 Bh3 13. Re1 Nf6 14. Nd2 Qd7 15.
f3 h5 16. Nc4 h4 17. Nxd6 cxd6 18. g4 Nf4 19. Bxf4 exf4 20. Qd2 Qd8 21. Qd4 Re8
22. Qf2 Nh7 23. Kh1 a6 24. Bd3 g6 25. Ne2 Ng5 26. Qxh4 Kg7 27. Nxf4 Qf6 28. Qg3
Rh8 29. Re2 Rac8 30. Rae1 Qe5 31. Rf2 Qd4 32. Bb1 Rh6 33. Ne2 Qxb2 34. f4 Qb4
35. fxg5 Qxe1+ 36. Ng1 Qxb1 37. gxh6+ Kg8 38. Qf3 Qxg1+ 39. Kxg1 Rc1+ 40. Rf1
Rxf1+ 41. Qxf1 Bxf1 42. Kxf1 f6 43. h4 1-0

[Event "Bayerischer Schachbund-Schweizer Schach"]
[Site "?"]
[Date "2012.05.05"]
[Round "3.6"]
[White "Grimberg, Boris"]
[Black "Rosenthal, Jonathan"]
[Result "1/2-1/2"]
[WhiteElo "2357"]
[BlackElo "2325"]
[PlyCount "31"]
[EventDate "2012.??.??"]

1. e4 c6 2. d4 d5 3. f3 dxe4 4. fxe4 e5 5. Nf3 Bg4 6. c3 Nd7 7. Bc4 Bh5 8. Qb3
b5 9. Be2 Ngf6 10. Nbd2 Bd6 11. a4 a6 12. dxe5 Bxe5 13. axb5 axb5 14. Rxa8 Qxa8
15. Qb4 Bc7 16. Nb3 1/2-1/2

[Event "Bayerischer Schachbund-Schweizer Schach"]
[Site "?"]
[Date "2012.05.05"]
[Round "3.7"]
[White "Grandadam, Nicolas"]
[Black "Bartsch, Berthold"]
[Result "1-0"]
[WhiteElo "2308"]
[BlackElo "2284"]
[PlyCount "65"]
[EventDate "2012.??.??"]

1. Nf3 d5 2. d4 Nf6 3. c4 c6 4. Nc3 Bf5 5. cxd5 Nxd5 6. e3 e6 7. Bc4 Nxc3 8.
bxc3 Nd7 9. Qe2 Be7 10. e4 Bg6 11. Bf4 O-O 12. O-O Qa5 13. Rfc1 Rac8 14. Rab1
b5 15. Bd3 Ba3 16. Rc2 a6 17. c4 c5 18. cxb5 cxd4 19. Nxd4 axb5 20. Bxb5 Nf6
21. Nc6 Qa8 22. f3 Kh8 23. Qd3 Nd5 24. Bg3 Rfe8 25. Rb3 Bf8 26. Qd4 Nc7 27. a4
Nxb5 28. axb5 f5 29. Qb2 e5 30. Bf2 Bf7 31. Rbc3 Rc7 32. Rc1 Qb7 33. Na5 1-0

[Event "Bayerischer Schachbund-Schweizer Schach"]
[Site "?"]
[Date "2012.05.05"]
[Round "3.8"]
[White "Lentrodt, Thomas"]
[Black "Wirthensohn, Heinz"]
[Result "1/2-1/2"]
[WhiteElo "2332"]
[BlackElo "2336"]
[PlyCount "58"]
[EventDate "2012.??.??"]

1. e4 c5 2. b3 d6 3. Bb2 Nf6 4. d3 g6 5. Nf3 Bg7 6. g3 Nc6 7. Bg2 O-O 8. O-O e5
9. Nc3 Nd4 10. Nxd4 cxd4 11. Ne2 Be6 12. c3 dxc3 13. Bxc3 Qb6 14. h3 Rad8 15.
d4 Qa6 16. dxe5 dxe5 17. Qc2 Nd7 18. Rad1 Nb8 19. Nc1 Nc6 20. Nd3 Qb6 21. Qb2
f6 22. Kh2 Rf7 23. Nc1 Rfd7 24. Rxd7 Rxd7 25. f4 Qd8 26. Rf2 a5 27. Rd2 Rxd2
28. Qxd2 Qxd2 29. Bxd2 Bf8 1/2-1/2

[Event "Bayerischer Schachbund-Schweizer Schach"]
[Site "?"]
[Date "2012.05.05"]
[Round "3.9"]
[White "Huss, Andreas"]
[Black "Levushkina, Elena"]
[Result "1-0"]
[WhiteElo "2310"]
[BlackElo "2310"]
[PlyCount "115"]
[EventDate "2012.??.??"]

1. d4 d5 2. c4 dxc4 3. Nf3 Nf6 4. e3 e6 5. Bxc4 c5 6. O-O a6 7. a4 Nc6 8. Qe2
cxd4 9. Rd1 Be7 10. exd4 O-O 11. Nc3 Nb4 12. Ne5 Bd7 13. a5 Rc8 14. Bg5 Be8 15.
h4 Nbd5 16. Qf3 Bc6 17. Bxf6 Nxf6 18. d5 Bxd5 19. Bxd5 exd5 20. Nxd5 Nxd5 21.
Rxd5 Qc7 22. Rad1 Rcd8 23. h5 Rxd5 24. Qxd5 h6 25. g3 Bb4 26. Nc4 Be7 27. Qe4
Bf6 28. b3 Bc3 29. Rd5 Qc6 30. Qd3 Bb4 31. Ne5 Qc7 32. Qf5 Bd6 33. Nc4 Rd8 34.
Qd3 Be7 35. Rxd8+ Bxd8 36. Qd5 Be7 37. Qe4 Bf8 38. Qe8 Qe7 39. Qxe7 Bxe7 40.
Kg2 Kf8 41. Kf3 Bc5 42. Ne5 Bb4 43. Nc4 Ke7 44. g4 Bc5 45. Ne5 Ke6 46. Nd3 Be7
47. Ke4 Bf6 48. f4 Kd6 49. Kf5 Bc3 50. b4 Kd5 51. g5 hxg5 52. fxg5 g6+ 53. hxg6
fxg6+ 54. Kxg6 Kc4 55. Nc5 Kd5 56. Kf7 Bxb4 57. Nd7 Bc3 58. Nf6+ 1-0

[Event "Bayerischer Schachbund-Schweizer Schach"]
[Site "?"]
[Date "2012.05.05"]
[Round "3.10"]
[White "Reich, Thomas"]
[Black "Colmenares, Aurelio"]
[Result "0-1"]
[WhiteElo "2388"]
[BlackElo "2283"]
[PlyCount "88"]
[EventDate "2012.??.??"]

1. d4 Nf6 2. c4 g6 3. Nc3 Bg7 4. e4 d6 5. f3 O-O 6. Be3 Nc6 7. Nge2 a6 8. Qd2
Rb8 9. Nc1 e5 10. d5 Nd4 11. N1e2 c5 12. dxc6 bxc6 13. Nxd4 exd4 14. Bxd4 Re8
15. Be2 d5 16. cxd5 cxd5 17. e5 Nd7 18. f4 Bh6 19. O-O Nxe5 20. Kh1 Nc6 21. Bg1
d4 22. Na4 Ne7 23. Rae1 Nf5 24. Bg4 Bg7 25. b3 Ne3 26. Bxe3 Bxg4 27. Bg1 Qd5
28. Nb2 h5 29. Nc4 Rbd8 30. Rxe8+ Rxe8 31. Ne3 Qb5 32. Nc4 Re2 33. Qd3 Qd5 34.
Rf2 Rxf2 35. Bxf2 Bf5 36. Qd2 Be4 37. Bg1 h4 38. h3 Qf5 39. Kh2 Bh6 40. g3
hxg3+ 41. Kxg3 Qh5 42. Qf2 Bg7 43. Ne5 g5 44. Ng4 f5 0-1

[Event "Bayerischer Schachbund-Schweizer Schach"]
[Site "?"]
[Date "2012.05.05"]
[Round "3.11"]
[White "Gaehwiler, Gabriel"]
[Black "Moufang, Rainer"]
[Result "1/2-1/2"]
[WhiteElo "2280"]
[BlackElo "2281"]
[PlyCount "42"]
[EventDate "2012.??.??"]

1. e4 c5 2. Nf3 Nf6 3. d3 d5 4. Nbd2 Nc6 5. g3 g6 6. Bg2 Bg7 7. O-O O-O 8. Re1
h6 9. exd5 Nxd5 10. Nb3 c4 11. dxc4 Ndb4 12. Bd2 Bxb2 13. Bxh6 Re8 14. a3 Qxd1
15. Raxd1 Na6 16. Bc1 Bf6 17. Nfd4 Bg4 18. f3 Bd7 19. Nxc6 Bxc6 20. Be3 Bb2 21.
Bc1 Bf6 1/2-1/2

[Event "Bayerischer Schachbund-Schweizer Schach"]
[Site "?"]
[Date "2012.05.05"]
[Round "3.12"]
[White "Miller, Eduard"]
[Black "Schaerer, Julian"]
[Result "1/2-1/2"]
[WhiteElo "2137"]
[BlackElo "2264"]
[PlyCount "58"]
[EventDate "2012.??.??"]

1. d4 d5 2. c4 c6 3. e3 Nf6 4. Nc3 g6 5. Nf3 Bg7 6. Be2 O-O 7. O-O dxc4 8. Bxc4
Bg4 9. Be2 Nbd7 10. Bd2 Bxf3 11. Bxf3 e5 12. d5 e4 13. Nxe4 Nxd5 14. Nc3 Nxc3
15. Bxc3 Bxc3 16. bxc3 Ne5 17. Be2 Qe7 18. Qb3 b6 19. h3 Rad8 20. Rfd1 Rxd1+
21. Rxd1 Rd8 22. Rd4 c5 23. Rd5 Kg7 24. Bb5 f6 25. Qd1 Nf7 26. Rxd8 Qxd8 27.
Qxd8 Nxd8 28. Kf1 Kf7 29. Ke2 Ke6 1/2-1/2